| 000 | 01366nam a22003857a 4500 | ||
|---|---|---|---|
| 003 | CHAP | ||
| 005 | 20220329141448.0 | ||
| 008 | 971013s1987 r 00010 d | ||
| 010 | _a68548 | ||
| 011 | _a69520 | ||
| 035 | _a78997 | ||
| 040 | _cCHAP | ||
| 082 |
_a338.174 _bC2 1987 |
||
| 100 | 0 | 0 |
_aCaballer Mellado, Vicente. _916535 |
| 245 | _aEconomía de la cooperativa hortofrutícola | ||
| 250 | _a2 ed. | ||
| 260 |
_aBarcelona : _bMinisterio de Agricultura Pesca y Alimentación, _c1987 |
||
| 300 |
_a203 p. _b: gráfs. |
||
| 500 | _a29-186 | ||
| 590 |
_aBATCH-UPD _b10 _c20130109 _lUCH01 _h2324 |
||
| 590 |
_aBATCH-UPD _b10 _c20130110 _lUCH01 _h0512 |
||
| 590 |
_aBATCH-UPD _b10 _c20130110 _lUCH01 _h2324 |
||
| 590 |
_aBATCH-UPD _b10 _c20130409 _lUCH01 _h1847 |
||
| 590 |
_aBATCH-UPD _b10 _c20130410 _lUCH01 _h1614 |
||
| 590 |
_aBATCH-UPD _b10 _c20130914 _lUCH01 _h1448 |
||
| 590 |
_aCONVERSION _b10 _c20130109 _lUCH01 _h1338 |
||
| 650 | 1 | 4 |
_aFruticultura cooperativa. _943766 |
| 650 | 1 | 4 |
_aHorticultura cooperativa. _956383 |
| 700 | 0 |
_aJuliá Igual, Juan Francisco. _962330 |
|
| 700 | 0 |
_aSegura García del Río, Baldomero. _9103647 |
|
| 901 | _aBK | ||
| 942 | _cLIBRO | ||
| 949 |
_a338.174 C2 1987 _bBC _cLIBRO _d33724000154696 _eLIBRO _gI.145933 _h75393 _i78997 _si _t59.70 |
||
| 949 |
_a338.174 C2 1987 _bBC _cLIBRO _d33724000154720 _eLIBRO _fc.2 _h77831 _i78997 _si _t59.70 |
||
| 999 |
_c68548 _d68548 |
||